| 000 | 00824nam a22002417a 4500 | ||
|---|---|---|---|
| 005 | 20251108174526.0 | ||
| 008 | 250721s2008 xx 000 0 ara d | ||
| 020 | _a9957181688 | ||
| 082 | 1 | 4 | _a370.11/حقو |
| 100 | 1 |
_aعواد، يوسف _eمؤلف |
|
| 245 | 1 | 0 | _aحقوق الإنسان في الحياة التربوية : الواقع و التطلعات / |
| 264 | 1 |
_aعمان : _bدار المناهج للنشر و التوزيع، _c2008. |
|
| 300 | _a260 ص. | ||
| 650 | 1 | 7 | _aالتربيه |
| 650 | 1 | 7 | _aالتعلم |
| 650 | 1 | 7 | _aحقوق الانسان |
| 700 | 1 |
_aالجرجاوي، زياد _eمؤلف |
|
| 700 | 1 |
_aالمغربي، عبد الرحمن _eمؤلف |
|
| 700 | 1 |
_aعمر، نادية _eمؤلف |
|
| 700 | 1 | _aأبو السعيد، طارق | |
| 942 |
_2ddc _cBK |
||
| 999 |
_c111383 _d111383 |
||